Largest Cities in Spain by Climate Type - Statistics

General Stats
  • This quiz has been taken 12 times
  • The average score is 5 of 7
Answer Stats
Hint Answer % Correct
Csa (Hot-summer mediterranean) Barcelona
100%
BSk (Cold semi-arid) Madrid
100%
Cfb (Oceanic) Bilbao
92%
BSh (Hot semi-arid) Valencia
83%
BWh (Hot desert) Las Palmas de Gran Canaria
67%
Cfa (Humid subtropical) Pamplona
42%
Csb (Warm-summer mediterranean) Gijón
25%
No matching quizzes found
Score Distribution
Percent of People with Each Score
Percentile by Number Answered
Your Score History
You have not taken this quiz